000 00479nam a2200145Ia 4500
008 151213s9999 xx 000 0 und d
100 _aমুনীর চেীধুরী।
245 _aদন্ডকারণ্য।
_cমুনীর চেীধুরী।
260 _aঢাকা
_bসৈয়দ মো: শফি।
300 _a8640 p.
650 _aBangla
650 _aগল্প।
700 _aমুনীর চেীধুরী।
999 _c4427
_d4427